Missing Word: Piggy Blanks Quiz Stats

 Plays Quiz Updated Apr 15, 2015

Also try: Funny Money
Challenge
Share
Tweet
Embed
Score 0/24 Timer 03:00
0 Plays Today
Missing Word Answer % Correct
Million ____ BabyDollar
99.5%
____ Bay PackersGreen
91.5%
Bacon, ____ & TomatoLettuce
89.8%
Fish and ____Chips
88.9%
Buffalo ____Bill
85.1%
____ DylanBob
85%
____ pro quoQuid
78.2%
____ LanePenny
71.7%
____ & WineBread
71.5%
____ JulepMint
69.8%
____ SpratJack
69.7%
Uncle ____Buck
68%
Missing Word Answer % Correct
Tango & ____Cash
65.3%
My Little ____Pony
59.9%
Equatorial ____Guinea
59.1%
The Lovely ____Bones
55.4%
Tic-Tac-____Dough
52.4%
____ PlanesPaper
37.4%
____ GolferScratch
31.6%
____ Over BroadwayBullets
27.4%
Francis ____Bacon
26.8%
Game ____Change
26.3%
____ is the NightTender
23.5%
The Fabulous ____Moolah
15.1%

Today's Daily Dose

Missing Word
Bible Verses

Quick Pick
Brad Pitt Roles

On This Day
July 21st II

You're not logged in!

Compare scores with friends on all Sporcle quizzes.
Join for Free
OR
Log In

You Might Also Like...

Show Comments

Extras

Top Quizzes Today


Score Distribution

Your Account Isn't Verified!

In order to create a playlist on Sporcle, you need to verify the email address you used during registration. Go to your Sporcle Settings to finish the process.

Report this User

Report this user for behavior that violates our Community Guidelines.

Details: